| 000 | 00873nam a2200253 i 4500 | ||
|---|---|---|---|
| 001 | bgj | ||
| 003 | BPK | ||
| 005 | 20160209145309.0 | ||
| 008 | 001212s1986 uk f |000 0 eng d | ||
| 020 | _a019434133X (pbk) | ||
| 040 | _cBPK | ||
| 041 | _aeng | ||
| 080 | _a37.016:811.111 | ||
| 100 | 1 | _aLarsen-Freeman, Diane | |
| 245 | 1 | 0 |
_aTechniques and principles in language teaching / _cDiane Larsen-Freeman. |
| 260 |
_aNew York : _bOxford University Press, _c1986. |
||
| 300 |
_aXV, 142 s. ; _c23 cm. |
||
| 490 | 1 | _aTeaching Techniques in English as a Second Language | |
| 504 | _aBibliogr. s. XIV. | ||
| 650 | 4 |
_aJęzyk angielski _xnauczanie _xmetody |
|
| 830 | _aTeaching Techniques in English as a Second Language | ||
| 856 |
_uhttp://koha.tu.koszalin.pl/cgi-bin/koha/opac-detail.pl?biblionumber=41410 _yKatalog online BPK |
||
| 942 |
_cKS _2UKD |
||
| 999 |
_c41410 _d41410 |
||